=LDR 00000nam 2200000 4500 =001 INLIS00000000000106 =005 20260702043538 =020 ##$$a 9786237458388 =082 ##$$a 012.378 =100 1#$$a Irawan, Aguk =245 1 $$a Surat Cinta Dari Bidadari Surga /$c Aguk Irawan =300 ##$$a 316 ; 13.5 x 20.5 cm